000 00409ntaaa2200169 4500
003 01
005 20251027203007.0
008 0714s1973 ag 01
040 _aAR-BaBN
_bspa
_cAR-BaBN
_eaacr
_dRIC
100 _aGheorghiu, C. Virgil
_930970
245 _aHora veinticinco
250 _a1 ed.
260 _aBuenos Aires :
_bEmecé Editores,
_cc1950
300 _a414 p
650 _anovela
_96781
942 _cBK
999 _c25363
_d25363